| 000 | 00589nam a22002057a 4500 | ||
|---|---|---|---|
| 999 |
_c157537 _d157537 |
||
| 003 | dpl | ||
| 005 | 20190123145823.0 | ||
| 008 | 180918b ||||| |||| 00| 0 eng d | ||
| 010 | _aB-219457 | ||
| 020 |
_a8183820646 _c95.00 |
||
| 035 | _aB-219457, B-219474 | ||
| 040 |
_aDPL _bEN _c0 |
||
| 082 |
_a613.907 _bSHA |
||
| 100 | _aSharma, Rajeev | ||
| 245 |
_aSex education / _cby Rajeev Sharma |
||
| 260 |
_aNew Delhi _bLotus press _c2006 |
||
| 270 |
_a4263/3, Ansari road , darya ganj _bNew Delhi _e110002 |
||
| 300 |
_a165p.: _c20cm |
||
| 942 |
_2ddc _cEN _h613.907 _mSHA |
||